Ecosystem function and human activities : reconciling economics and ecology
Αποθηκεύτηκε σε:
| Άλλοι συγγραφείς: | , |
|---|---|
| Μορφή: | Βιβλίο |
| Γλώσσα: | English |
| Δημοσίευση: |
New York :
Chapman and Hall,
c1997.
|
| Θέματα: | |
| Ετικέτες: |
Προσθήκη ετικέτας
Δεν υπάρχουν, Καταχωρήστε ετικέτα πρώτοι!
|
MARC
| LEADER | 00000cam a2200000 i 4500 | ||
|---|---|---|---|
| 001 | 1/15862 | ||
| 008 | 980717s1997 gr | || eng d | ||
| 020 | |a 0412096714 | ||
| 035 | |l 10019991 | ||
| 040 | |a GR-MY-UA |b gre |e AACR2 | ||
| 041 | 0 | |a eng | |
| 082 | 0 | |a 333.70916347 | |
| 245 | 1 | 0 | |a Ecosystem function and human activities : |b reconciling economics and ecology / |c edited by R. David Simpson and Norman L. Christensen, Jr. |
| 260 | |a New York : |b Chapman and Hall, |c c1997. | ||
| 300 | |a 297 σ. : |b διαγρ., πίν. ; |c 20 εκ. | ||
| 504 | |a Περιλαμβάνει βιβλιογραφικές παραπομπές και ευρετήριο. | ||
| 650 | 0 | 0 | |a Environmental economics |z Chesapeake Bay Region (Md. and Va.) |x Congresses. |
| 650 | 0 | 0 | |a Estuarian ecology |z Chesapeake Bay Region (Md. and Va.) |x Congresses. |
| 700 | 1 | |a Simpson, Ralph David, |e edt | |
| 700 | 1 | |a Christensen, Norman L., |d 1946- |e edt | |
| 852 | |a INST |b LESVOS |e 19980717 |h 333.70916347 ECO |p 005100013545 |q 005100013545 |t BK |y 0 | ||
| 901 | |a BIBL-1998-2 | ||
| 922 | |a 1ΕΛΗ |b 199807 |c ΚΠΣ/ΤΠ |d ΠΑΠΑΣΩΤΗΡΙΟΥ | ||
| 950 | |a 107-1998-04-06 | ||